| 000 | 00433nam a22001457a 4500 | ||
|---|---|---|---|
| 082 |
_a380.102945491 _bANS _cL-31, P-52 |
||
| 100 |
_aHalim, Ansari Abdul _947057 |
||
| 245 |
_aTrade and Industrial Directory of Pakistan _c(Late) Abdul Halim Ansari |
||
| 250 | _a8th | ||
| 260 |
_aKarachi: _bAnsari Publisher House, |
||
| 300 | _axxiv, 568 p.: | ||
| 526 |
_a0 _b0 _c0 _d380_102945491000000_ANS |
||
| 650 |
_aMCE _9379 |
||
| 942 |
_2ddc _cBK |
||
| 999 |
_c550355 _d550355 |
||